Personalidades históricas y famosos - C - Estadísticas

Estadísticas generales
  • Esta prueba ha sido intentada 395 veces
    373 desde el último reinicio
  • La puntuación promedio es 16 de 27
Estadísticas de respuestas
Descripción Respuesta % Correcto
Escritor más destacado de la literatura española. Autor de "Don Quijote de la Mancha". Miguel de Cervantes
98%
Descubrió América en el 1492, pero pensó que era la India. Cristobal Colón
96%
Famosa faraona de Egipto que se suicidó dejándose morder por una serpiente venenosa. Cleopatra VII
94%
Científica que trabajó en el campo de la radioactividad, descubrió nuevos elementos y ganó un premio Nobel de Física y uno de Química. Marie Curie
88%
Actor y director de cine mudo que hizo múltiples películas a principios del siglo XX. Charles Chaplin
81%
Fue dos veces Primer Ministro del Reino Unido y lideró su país en la Segunda Guerra Mundial. Winston Churchill
78%
Presidente y Primer Ministro de Cuba que lideró la Revolución cubana frente a la dictadura de Fulgencio Batista. Fidel Castro
75%
Icónico militar y político romano del siglo I aC. Julio César
75%
Fundador de la astronomía moderna que difundió la teoría heliocéntrica en el siglo XVI. Nicolás Copérnico
73%
Escritora inglesa del siglo XX dónde en sus obras siempre hay misterios, asesinatos y detectives. Agatha Christie
70%
Antiguo filósofo chino padre del confucionismo. Confucio
69%
Político y militar que fue presidente de Venezuela entre el 1999 y el 2013. Hugo Chavez
65%
Cantante de la banda grunge Nirvana. Kurt Cobain
64%
Jugador y entrenador de fútbol holandés que jugó en el Barcelona y ganó tres veces el Balón de Oro. Johan Cruyff
63%
Gánster estadounidense y criminal más importante de Chicago durante los años 20 y 30 que ha sido retratado en múltiples películas. Al Capone
61%
Rey de España durante el siglo XVIII que tuvo que involucrarse en la Guerra de los Siete Años. Carlos III
60%
Cantaor español considerado como una de las figuras más importantes del flamenco. Camarón de la Isla
59%
Soldado español y figura legendaria de la Reconquista. Cid Campeador
48%
Compositor polaco considerado uno de los pianistas con mejor técnica de la historia. Frédéric Chopin
46%
Rey de los francos entre el 768 i el 814 que hizo varias campañas y reformas. Fue el rey más influyente de Europa durante la Edad Media. Carlomagno
45%
Ex-gimnasta rumana con nueve medallas olímpicas y primera en conseguir una calificación perfecta en una competición. Nadia Comaneci
45%
Primer emperador romano en dar libertad de culto al cristianismo, clave para la expansión de esta religión. Constantino I
41%
Pintor francés postimpresionista considerado como el padre de la pintura moderna. Paul Cézanne
25%
Militar que se rebeló contra la monarquía e instauró una república en Inglaterra durante el siglo XVII. Oliver Cromwell
24%
Fundador del Imperio Aqueménida, primer imperio persa, que conquistó gran parte de Oriente Medio. Ciro II el Grande
22%
Cantante y guitarrista americano de country y rock and roll. Algunas de sus canciones son "I Walk the Line" y "Ring of Fire". Johnny Cash
17%
Científico escocés que formuló por primera vez la teoría de la radiación electromagnética y realizó la primera fotografía en color duradera. James Clerk Maxwell
5%
No se encontraron pruebas coincidentes
Distribución de puntuación
Porcentaje de gente con cada puntuación
Porcentaje por número respondido
Historial de tus puntuaciones
No has intentado esta prueba desde el último reinicio